Killing the shadows
Saved in:
| Main Author: | |
|---|---|
| Format: | Book |
| Language: | English |
| Published: |
Nueva York
St. Martin's Paperbacks
2002
|
| Series: | St. Martin's Minotaur Mysteries
|
| Subjects: | |
| Tags: |
Add Tag
No Tags, Be the first to tag this record!
|
MARC
| LEADER | 00000nam a2200000 a 4500 | ||
|---|---|---|---|
| 001 | UCK1360 | ||
| 003 | CL-VaPUC | ||
| 008 | 041112e20020000US |||||||||||||||||eng|d | ||
| 020 | |a 0312983387 | ||
| 082 | 0 | 4 | |a 823 |b MCD |2 21 |
| 100 | |a McDermid, Val |e autora |9 489133 | ||
| 245 | 1 | 0 | |a Killing the shadows |
| 300 | |a 481 p | ||
| 942 | |c BK | ||
| 945 | |d 20041112 00:00:00 |a cmena | ||
| 260 | |a Nueva York |b St. Martin's Paperbacks |c 2002 | ||
| 650 | 0 | |a Novelas inglesas |9 265220 | |
| 650 | 0 | |a Literatura inglesa |9 312907 | |
| 650 | 7 | |a NOVELAS DE MISTERIO |2 CL-VaPUC |9 485468 | |
| 583 | |a last modification |c 20041112 00:00:00 |k Rodrigo Vera | ||
| 490 | 0 | |a St. Martin's Minotaur Mysteries | |
| 999 | |c 311331 |d 311329 | ||
| 952 | |0 0 |1 0 |4 0 |6 823_000000000000000_MCD_2002 |7 0 |8 A |9 380708 |a BIBEDU |b BIBEDU |d 2019-11-21 |i 4078330 |o 823 MCD 2002 |p 4078330 |r 2019-11-21 |w 2019-11-21 |y BK |k LIT | ||